000 00620nam a2200217 a 4500
005 20210223124048.0
008 991125n 000 0 spa u
035 _aUPN01000105608
100 1 _aGervilla Castillo, Enrique
_937733
222 _aREVISTA DE CIENCIAS DE LA EDUCACION
245 _a¿ Filosofía de la educación hoy ? ¿ para qué ?
260 _aMadrid, España
300 _a557-569
362 0 _a1993 No. 156, oct.-dic.
653 0 _aAXIOLOGIA EDUCATIVA
653 0 _aCURRICULUM
653 0 _aFILOSOFIA EDUCATIVA
653 0 _aHISTORIA EDUCATIVA
904 _aAC
_b043419
905 _aArticulo
999 _c79556
_d79556